Statistics for top 15 best R6 operator guns

Click here to take the quiz!

General Stats

  • This quiz has been taken 50 times
  • The average score is 3 of 15

Answer Stats

HintAnswer% Correct
12.r4c
68%
10.mp5
61%
11.G36c
48%
2.ak12
43%
1.SC3000K
20%
5,c8sfw
18%
13.m4
18%
3.C7e
16%
15.m500
14%
7,vector.45
14%
8,9x19VSN
9%
6,Uzk50gi
7%
14.556xi
5%
4.T-95LSW
2%
9.ALDA 5.56
0%

Score Distribution

Percentile by Number Answered

Percent of People with Each Score

Your Score History

You have not taken this quiz